[Event "ICS rated blitz match"]
[Site "204.178.125.65"]
[Date "2001.08.27"]
[Round "?"]
[White "Saitek"]
[Black "Hossa"]
[Result "1-0"]
[WhiteElo "2792"]
[BlackElo "2521"]
[PlyCount "109"]
[EventDate "2001.??.??"]

1. c4 e5 2. Nc3 Nf6 3. Nf3 Nc6 4. g3 Be7 5. Bg2 O-O 6. d4 exd4 7. Nxd4 Nxd4 8.
Qxd4 d6 9. O-O c6 10. Rd1 Be6 11. Bf4 Re8 12. Bxd6 Bxd6 13. Qxd6 Qxd6 14. Rxd6
Bxc4 15. e4 Red8 16. Rad1 Rxd6 17. Rxd6 Re8 18. f4 Be6 19. e5 Nd7 20. Be4 g6
21. Bd3 Nb6 22. Ne4 Rb8 23. a3 Kg7 24. Kf2 Bf5 25. Ke3 Nd5+ 26. Kd4 Rf8 27. Nf6
Be6 28. Nxd5 Bxd5 29. Rd7 Rb8 30. Bc4 Bxc4 31. Kxc4 Kf8 32. Kc5 h6 33. Kd6 a5
34. Kc7 Re8 35. Kxb7 c5 36. b3 g5 37. Rd5 Re7+ 38. Ka6 gxf4 39. gxf4 c4 40.
bxc4 a4 41. Rd8+ Kg7 42. c5 Kg6 43. c6 Kf5 44. Rd7 Re8 45. Rxf7+ Ke6 46. Rf6+
Kd5 47. c7 h5 48. Rd6+ Kc5 49. Kb7 Re7 50. Kb8 Kc4 51. c8=Q+ Rc7 52. Qxc7+ Kb3
53. Rb6+ Ka2 54. Qc2+ Ka1 55. Rb1# {Hossa checkmated} 1-0

[Event "ICS rated standard match"]
[Site "204.178.125.65"]
[Date "2001.08.27"]
[Round "?"]
[White "Hossa"]
[Black "diep"]
[Result "1-0"]
[WhiteElo "2337"]
[BlackElo "2365"]
[PlyCount "123"]
[EventDate "2001.??.??"]

1. c4 f5 2. d4 d6 3. Bf4 Nf6 4. Nf3 e6 5. g3 Be7 6. Bg2 O-O 7. O-O Nc6 8. d5
Nb4 9. Bd2 Na6 10. dxe6 Ne4 11. Nd4 Nac5 12. Qc2 Bf6 13. Nxf5 Nxd2 14. e7 Nf3+
15. Bxf3 Bxe7 16. Nxe7+ Qxe7 17. Bd5+ Kh8 18. Bg2 Bf5 19. Qd2 Qe6 20. Na3 Rae8
21. Rae1 Ne4 22. Qd4 c5 23. Qd1 Qe5 24. Nb5 Qxb2 25. Bxe4 Rxe4 26. Qxd6 Ree8
27. f4 Qxa2 28. Qxc5 b6 29. Qf2 Bh3 30. e4 Qb3 31. Rb1 Qxc4 32. Nd6 Qe6 33.
Nxe8 Bxf1 34. Nxg7 Kxg7 35. Qd4+ Qf6 36. Qxf6+ Kxf6 37. Kxf1 Rc8 38. Ke2 Rc2+
39. Ke3 Rc6 40. g4 Rc3+ 41. Kd4 Rf3 42. e5+ Kf7 43. Ke4 Rh3 44. Rh1 a6 45. f5
Rh4 46. Kf3 Rh3+ 47. Kf4 Rc3 48. e6+ Ke7 49. Rd1 Rc7 50. Ke5 Rc5+ 51. Rd5 Rxd5+
52. Kxd5 h6 53. Ke5 b5 54. f6+ Kd8 55. Kd6 Ke8 56. h4 b4 57. g5 hxg5 58. hxg5
a5 59. g6 Kd8 60. e7+ Kc8 61. Kc6 a4 62. e8=Q# {diep checkmated} 1-0

[Event "ICS rated blitz match"]
[Site "204.178.125.65"]
[Date "2001.08.27"]
[Round "?"]
[White "Hossa"]
[Black "postalex"]
[Result "1-0"]
[WhiteElo "2515"]
[BlackElo "2075"]
[PlyCount "39"]
[EventDate "2001.??.??"]

1. c4 e6 2. d4 d5 3. Nc3 c5 4. cxd5 exd5 5. dxc5 Nf6 6. b4 a5 7. Bf4 axb4 8.
Nb5 Na6 9. Nd6+ Bxd6 10. cxd6 O-O 11. Be5 Re8 12. Nf3 Bg4 13. Qd4 Bxf3 14. gxf3
Rc8 15. Bxf6 Qxd6 16. Bxg7 Rc4 17. Rg1 Rxd4 18. Be5+ Qg6 19. Rxg6+ hxg6 20.
Bxd4 {postalex resigns} 1-0

[Event "ICS rated blitz match"]
[Site "204.178.125.65"]
[Date "2001.08.27"]
[Round "?"]
[White "Hadoken"]
[Black "Hossa"]
[Result "1-0"]
[WhiteElo "2771"]
[BlackElo "2522"]
[PlyCount "98"]
[EventDate "2001.??.??"]

1. d4 Nf6 2. c4 e6 3. Nf3 Nc6 4. Nc3 Bb4 5. Qc2 O-O 6. e4 d6 7. d5 exd5 8. cxd5
Ne7 9. Bd3 Bg4 10. Nd4 c5 11. dxc6 Nxc6 12. Nxc6 bxc6 13. O-O Nd7 14. a3 Bxc3
15. Qxc3 Qc7 16. Bf4 Rab8 17. b4 Ne5 18. Rac1 Rfd8 19. h3 Bh5 20. Bc2 Re8 21.
Ba4 Re6 22. Bd2 Qb6 23. Be3 Qa6 24. Bb3 Re7 25. f4 Nd7 26. g4 Bxg4 27. hxg4 Nf6
28. Rfe1 Nxe4 29. Qxc6 Qxa3 30. Bd5 Nf6 31. Qxd6 Rbe8 32. Bf2 Re2 33. g5 Nxd5
34. Qxd5 h5 35. g6 Rxe1+ 36. Rxe1 Rxe1+ 37. Bxe1 Qe3+ 38. Bf2 Qe7 39. b5 h4 40.
Qa8+ Qf8 41. Qxf8+ Kxf8 42. Bxa7 fxg6 43. b6 Kf7 44. b7 Ke6 45. b8=Q Kd5 46.
Qe5+ Kc4 47. Qxg7 h3 48. Qd4+ Kb3 49. Qd3+ Kb4 {Hossa resigns} 1-0

[Event "ICS rated blitz match"]
[Site "204.178.125.65"]
[Date "2001.08.27"]
[Round "?"]
[White "Hossa"]
[Black "Hadoken"]
[Result "0-1"]
[WhiteElo "2516"]
[BlackElo "2777"]
[PlyCount "81"]
[EventDate "2001.??.??"]

1. e4 c6 2. Nc3 d5 3. Be2 d4 4. Nb1 e5 5. Nf3 Bd6 6. c3 c5 7. b4 Nf6 8. bxc5
Bxc5 9. Nxe5 O-O 10. f3 Nh5 11. g3 dxc3 12. Nxc3 Bh3 13. Bf1 Qd4 14. Nd3 Bxf1
15. Nxc5 Bg2 16. Nb3 Qd3 17. Nc5 Qc4 18. Rg1 Bxf3 19. Qxf3 Qxc5 20. Rg2 Nc6 21.
Ba3 Qxa3 22. Qxh5 Nd4 23. Kf1 b5 24. Kg1 b4 25. Nd5 b3 26. Qd1 Nc2 27. Rc1 bxa2
28. Qxc2 a1=Q 29. Rxa1 Qxa1+ 30. Kf2 Qd4+ 31. Kf3 Rae8 32. g4 Re5 33. d3 Rfe8
34. Kg3 Rxd5 35. Rf2 Qxd3+ 36. Qxd3 Rxd3+ 37. Kf4 Rd4 38. Re2 a5 39. Kf3 a4 40.
e5 Rb8 41. Rc2 {Hossa resigns} 0-1

[Event "ICS rated blitz match"]
[Site "204.178.125.65"]
[Date "2001.08.27"]
[Round "?"]
[White "josechess"]
[Black "Hossa"]
[Result "0-1"]
[WhiteElo "2206"]
[BlackElo "2510"]
[PlyCount "108"]
[EventDate "2001.??.??"]

1. Nf3 d5 2. b3 Nc6 3. Bb2 Bg4 4. e3 e5 5. h3 Bxf3 6. Qxf3 e4 7. Qe2 Nf6 8. g3
Bc5 9. Bg2 O-O 10. O-O d4 11. exd4 Nxd4 12. Qd1 Nf5 13. Kh2 Bd4 14. Bxd4 Qxd4
15. Nc3 Rfe8 16. Qe2 Nd6 17. Rad1 Qc5 18. Qe3 Qf5 19. d3 exd3 20. Qxd3 Qc5 21.
Qd4 Qh5 22. Rde1 Qf5 23. Qd2 Rad8 24. Rxe8+ Rxe8 25. Nd5 Nxd5 26. Bxd5 Qe5 27.
c4 c6 28. Bf3 Qf6 29. Bg2 Rd8 30. Rd1 Qe5 31. Qd4 Qxd4 32. Rxd4 f5 33. c5 Nf7
34. Rxd8+ Nxd8 35. f4 Ne6 36. b4 Kf7 37. Kg1 a5 38. bxa5 Nxc5 39. Kf2 Kf6 40.
Ke3 Ke6 41. Kd4 Kd6 42. h4 g6 43. Bf3 Ne6+ 44. Kc4 Nc7 45. h5 Ne6 46. h6 Nd8
47. g4 Ne6 48. gxf5 gxf5 49. Bd1 Nxf4 50. Bc2 Nd5 51. Kd4 c5+ 52. Kd3 Nb4+ 53.
Kc3 Nxc2 54. Kxc2 Kd5 {josechess resigns} 0-1

[Event "ICS rated blitz match"]
[Site "204.178.125.65"]
[Date "2001.08.27"]
[Round "?"]
[White "Hossa"]
[Black "josechess"]
[Result "1-0"]
[WhiteElo "2515"]
[BlackElo "2201"]
[PlyCount "57"]
[EventDate "2001.??.??"]

1. c4 c5 2. g3 Nf6 3. Bg2 Nc6 4. Nc3 e6 5. Nf3 d5 6. cxd5 exd5 7. d4 cxd4 8.
Nxd4 Be7 9. O-O O-O 10. Bf4 Bg4 11. Rc1 Bd6 12. Bxd6 Qxd6 13. Ncb5 Qd7 14. Qd2
Rfe8 15. e3 a6 16. Nxc6 bxc6 17. Nd4 Rac8 18. Rc5 Ne4 19. Bxe4 dxe4 20. Rfc1
Re6 21. Qa5 Rh6 22. Qxa6 Bf3 23. Rxc6 Rhxc6 24. Rxc6 Rd8 25. Qa5 h5 26. Rc1 Qh3
27. Qxd8+ Kh7 28. Nxf3 exf3 29. Qd3+ {josechess resigns} 1-0

[Event "ICS rated blitz match"]
[Site "204.178.125.65"]
[Date "2001.08.27"]
[Round "?"]
[White "sekere"]
[Black "Hossa"]
[Result "0-1"]
[WhiteElo "2235"]
[BlackElo "2520"]
[PlyCount "80"]
[EventDate "2001.??.??"]

1. e4 c5 2. Nf3 d6 3. Nc3 Nc6 4. Be2 g6 5. d4 cxd4 6. Nxd4 Bg7 7. Be3 Nxd4 8.
Bxd4 Nf6 9. Qd2 O-O 10. O-O-O b6 11. h4 Bb7 12. f3 Rc8 13. g4 Ne8 14. Bxg7 Nxg7
15. h5 Ne6 16. hxg6 fxg6 17. Rh6 Nf4 18. Rdh1 Rf7 19. Qd4 Rxc3 20. Rxg6+ Nxg6
21. Qxc3 Nf4 22. Bc4 d5 23. exd5 Bxd5 24. Kb1 Bxc4 25. Qxc4 Qd5 26. Qc8+ Kg7
27. Qc3+ e5 28. b3 Rd7 29. Qe3 Qc5 30. Qxc5 bxc5 31. Re1 Kf6 32. Kc1 Ke6 33.
Re3 Kd6 34. Re2 Nxe2+ 35. Kd2 Nd4 36. c3 Nxf3+ 37. Ke3 Nh4 38. Ke4 Rg7 39. g5
Rxg5 40. Ke3 Rg3+ {sekere resigns} 0-1

[Event "ICS rated blitz match"]
[Site "204.178.125.65"]
[Date "2001.08.27"]
[Round "?"]
[White "jejemate"]
[Black "Hossa"]
[Result "1/2-1/2"]
[WhiteElo "2434"]
[BlackElo "2525"]
[PlyCount "76"]
[EventDate "2001.??.??"]

1. e4 c5 2. Nf3 d6 3. d4 cxd4 4. Nxd4 Nf6 5. Nc3 a6 6. Be2 e5 7. Nb3 Be7 8. Bg5
O-O 9. Bxf6 Bxf6 10. Nd5 Bg5 11. O-O Be6 12. Re1 Nc6 13. c3 Ne7 14. Bd3 f5 15.
Nxe7+ Qxe7 16. Nd4 fxe4 17. Nxe6 exd3 18. Nxf8 d2 19. Qb3+ Kxf8 20. Re4 Qd7 21.
Rd1 Rd8 22. Rb4 b5 23. a4 bxa4 24. Rxa4 Qc6 25. Rb4 Qe8 26. Rb7 Qh5 27. Ra7 e4
28. Rxa6 Bf4 29. h3 Qe2 30. Raa1 e3 31. Rf1 exf2+ 32. Rxf2 Qe1+ 33. Rf1 Qe3+
34. Kh1 Qg3 35. Kg1 Qh2+ 36. Kf2 Qg3+ 37. Kg1 Qh2+ 38. Kf2 Qg3+ {
Game drawn by mutual agreement} 1/2-1/2

[Event "ICS rated blitz match"]
[Site "204.178.125.65"]
[Date "2001.08.27"]
[Round "?"]
[White "KarpovDigital"]
[Black "Hossa"]
[Result "0-1"]
[WhiteElo "2337"]
[BlackElo "2528"]
[PlyCount "146"]
[EventDate "2001.??.??"]

1. Nf3 d5 2. d4 e6 3. c4 dxc4 4. Qa4+ Bd7 5. Qxc4 Nf6 6. g3 b5 7. Qc2 Nc6 8.
Bg2 Be7 9. O-O O-O 10. Ne5 Nb4 11. Qd1 Nfd5 12. a3 Nc6 13. Nxc6 Bxc6 14. Nc3
Nxc3 15. bxc3 Bxg2 16. Kxg2 Qd5+ 17. f3 f5 18. Qd3 Qd7 19. Bf4 Bd6 20. Bxd6
cxd6 21. e4 Rac8 22. Rab1 a6 23. Rfe1 f4 24. g4 Qe7 25. Rec1 d5 26. Rb3 Qh4 27.
exd5 exd5 28. Rb2 Qe7 29. Ra1 Qe3 30. Qxe3 fxe3 31. Rc2 g5 32. a4 b4 33. Rac1
Rc4 34. cxb4 Rxb4 35. Rc7 Rxa4 36. Re7 Rxd4 37. Rcc7 Ra8 38. Rg7+ Kh8 39. Rxh7+
Kg8 40. Rhg7+ Kf8 41. Rxg5 Rd1 42. Kh3 Rd2 43. Rf5+ Kg8 44. Rff7 d4 45. Rg7+
Kf8 46. Rgf7+ Kg8 47. Rfe7 a5 48. g5 a4 49. g6 Rf2 50. Rg7+ Kh8 51. Rh7+ Kg8
52. Rhg7+ Kh8 53. Rh7+ Kg8 54. Rcg7+ Kf8 55. Rf7+ Kg8 56. Rfg7+ Kf8 57. Kg4 d3
58. Rf7+ Kg8 59. Rhg7+ Kh8 60. h4 Rg2+ 61. Kf5 Ra5+ 62. Ke4 Rxg6 63. Rxg6 e2
64. Rh6+ Kg8 65. Re7 e1=Q+ 66. Kf4 Qxe7 67. Kg3 Qg7+ 68. Kf4 Qxh6+ 69. Ke4 Qe6+
70. Kxd3 Rd5+ 71. Kc4 Qc6+ 72. Kb4 Qb6+ 73. Ka3 Qb3# {KarpovDigital checkmated}
0-1

[Event "ICS Rated standard match"]
[Site "204.178.125.65"]
[Date "2001.08.29"]
[Round "?"]
[White "PostModernist"]
[Black "Hossa"]
[Result "1/2-1/2"]
[WhiteElo "2456"]
[BlackElo "2354"]
[PlyCount "135"]
[EventDate "2001.??.??"]

1. d4 d5 2. Nf3 e6 3. c4 dxc4 4. Nc3 Bb4 5. a4 Nf6 6. e3 Ne4 7. Bd2 Nxd2 8.
Nxd2 Qg5 9. f4 Qg6 10. Nxc4 O-O 11. Ne5 Qh6 12. Bd3 c5 13. O-O cxd4 14. exd4
Rd8 15. Qf3 a6 16. Be4 Ra7 17. a5 Qh4 18. Rfc1 Bd6 19. Na4 Nc6 20. Nb6 Bxe5 21.
dxe5 Bd7 22. Nxd7 Rxd7 23. Bxc6 bxc6 24. Rxc6 Rd8 25. Rd1 Rxd1+ 26. Qxd1 Ra8
27. Rd6 g6 28. g3 Qe7 29. Qe2 Qa7+ 30. Rb6 h5 31. b4 Kg7 32. Qd3 Kh7 33. Kf2
Kh6 34. Ke3 Kg7 35. Qc4 Kh7 36. Qc6 Kg7 37. h4 Kg8 38. Kf3 Rb8 39. Kg2 Qa8 40.
Rxb8+ Qxb8 41. b5 Kg7 42. bxa6 Qb2+ 43. Kh3 g5 44. hxg5 h4 45. Qg2 Qd4 46. g6
Kxg6 47. Qa8 Kg7 48. a7 Qe3 49. Kxh4 Qd3 50. Qb8 Qh7+ 51. Kg4 Qg6+ 52. Kf3 Qd3+
53. Kf2 Qd2+ 54. Kf1 Qd1+ 55. Kg2 Qe2+ 56. Kh3 Qh5+ 57. Kg2 Qe2+ 58. Kg1 Qd1+
59. Kh2 Qh5+ 60. Kg1 Qd1+ 61. Kf2 Qd2+ 62. Kf3 Qd3+ 63. Kg4 Qg6+ 64. Kh3 Qh5+
65. Kg2 Qe2+ 66. Kh1 Qd1+ 67. Kh2 Qh5+ 68. Kg2 {Game drawn by repetition}
1/2-1/2

[Event "ICS rated blitz match"]
[Site "204.178.125.65"]
[Date "2001.08.29"]
[Round "?"]
[White "Hossa"]
[Black "Jfreile"]
[Result "1-0"]
[WhiteElo "2534"]
[BlackElo "2516"]
[PlyCount "37"]
[EventDate "2001.??.??"]

1. c4 Nf6 2. d4 g6 3. Nc3 Bg7 4. e4 d6 5. Be2 O-O 6. Nf3 e5 7. dxe5 dxe5 8. Bg5
Qe8 9. O-O Na6 10. Qd2 c6 11. Qd6 Nh5 12. Be7 Nf4 13. Bxf8 Bxf8 14. Qxe5 Qxe5
15. Nxe5 Bg7 16. Nd3 Nxe2+ 17. Nxe2 Be6 18. Rac1 Rd8 19. Rfd1 {Jfreile resigns}
1-0

[Event "ICS rated blitz match"]
[Site "204.178.125.65"]
[Date "2001.08.29"]
[Round "?"]
[White "SteveC"]
[Black "Hossa"]
[Result "0-1"]
[WhiteElo "2485"]
[BlackElo "2549"]
[PlyCount "102"]
[EventDate "2001.??.??"]

1. d4 Nf6 2. c4 e6 3. Nf3 c5 4. d5 d6 5. Nc3 Be7 6. e4 O-O 7. Bd3 Na6 8. O-O
Kh8 9. Re1 e5 10. h3 Bd7 11. a3 Nc7 12. b4 b6 13. Rb1 cxb4 14. axb4 a5 15. Bc2
axb4 16. Rxb4 Na6 17. Rb1 Qc7 18. Bd3 Nc5 19. Bf1 Ba4 20. Nxa4 Rxa4 21. Bg5
Rfa8 22. Bxf6 Bxf6 23. Qc2 Ra2 24. Rb2 Rxb2 25. Qxb2 Ra4 26. Rb1 Ra6 27. Qc2
Qa7 28. Rb5 Ra2 29. Rb2 Rxb2 30. Qxb2 Nxe4 31. Qb5 Qb8 32. Qd7 Kg8 33. g4 g6
34. h4 Nc5 35. Qc6 e4 36. Nd2 Bxh4 37. Bg2 f5 38. gxf5 gxf5 39. Qb5 Nd3 40. Qd7
Bxf2+ 41. Kf1 Qf8 42. Qe6+ Kh8 43. Bh3 e3 44. Nf3 f4 45. Bf5 Nc5 46. Qc8 Qxc8
47. Bxc8 Ne4 48. Nh4 Bxh4 49. Bf5 f3 50. Bxe4 e2+ 51. Kg1 e1=Q+ {SteveC resigns
} 0-1

[Event "ICS rated blitz match"]
[Site "204.178.125.65"]
[Date "2001.08.29"]
[Round "?"]
[White "Hossa"]
[Black "ROVER2002"]
[Result "1-0"]
[WhiteElo "2556"]
[BlackElo "2348"]
[PlyCount "97"]
[EventDate "2001.??.??"]

1. c4 Nf6 2. d4 e6 3. Nc3 Bb4 4. e3 O-O 5. Bd3 d5 6. Nf3 dxc4 7. Bxc4 c5 8. O-O
Qc7 9. Nb5 Qe7 10. a3 Ba5 11. dxc5 Qxc5 12. Qe2 Bb6 13. e4 Qh5 14. Nd6 Nc6 15.
e5 Nd5 16. Qe4 Bc7 17. Be2 Qg6 18. Qc4 Bb8 19. Bd3 Qh5 20. g4 Qh3 21. Ng5 Qh4
22. Bxh7+ Kh8 23. Ndxf7+ Rxf7 24. Nxf7+ Kxh7 25. Bg5 Qh3 26. Bd2 Kg8 27. Ng5
Qh4 28. Nf3 Qh3 29. Qe4 Qh7 30. Qxh7+ Kxh7 31. Ng5+ Kg6 32. f4 a6 33. h4 Kh6
34. Rfd1 g6 35. Kg2 Kg7 36. Kf3 Bd7 37. Be3 Ba7 38. Bxa7 Nxa7 39. f5 gxf5 40.
gxf5 exf5 41. Rxd5 Bc6 42. Rad1 Nb5 43. Ke3 Bxd5 44. Rxd5 Re8 45. Rd7+ Kg6 46.
e6 Kh5 47. a4 Kxh4 48. Kf4 Na7 49. Rh7# {ROVER2002 checkmated} 1-0

[Event "ICS rated blitz match"]
[Site "204.178.125.65"]
[Date "2001.08.29"]
[Round "?"]
[White "neznam"]
[Black "Hossa"]
[Result "0-1"]
[WhiteElo "2008"]
[BlackElo "2563"]
[PlyCount "74"]
[EventDate "2001.??.??"]

1. c4 e5 2. g3 Bc5 3. Bg2 Nf6 4. Nf3 e4 5. Ng1 O-O 6. Nc3 Qe7 7. Nh3 d6 8. Nf4
c6 9. d4 exd3 10. Qxd3 Ng4 11. Nd1 Ne5 12. Qc2 Bb4+ 13. Bd2 Bxd2+ 14. Kxd2 a6
15. Ne3 Be6 16. Rad1 b5 17. Nxe6 Qxe6 18. Rc1 Nxc4+ 19. Nxc4 bxc4 20. Qxc4 Qf6
21. Bxc6 Nxc6 22. Qxc6 Qxf2 23. b3 d5 24. Rhf1 Qxh2 25. Qc3 d4 26. Qd3 Qh6+ 27.
Rf4 Rae8 28. Rc7 Re6 29. Qf5 g6 30. Qd3 Rfe8 31. Rcxf7 Qh5 32. Qxd4 Qxe2+ 33.
Kc3 Qe1+ 34. Kd3 Re3+ 35. Kc2 Rc8+ 36. Qc4 Re2+ 37. Kd3 Qd2# {neznam checkmated
} 0-1

[Event "ICS rated blitz match"]
[Site "204.178.125.65"]
[Date "2001.08.29"]
[Round "?"]
[White "Hossa"]
[Black "neznam"]
[Result "1-0"]
[WhiteElo "2564"]
[BlackElo "2007"]
[PlyCount "59"]
[EventDate "2001.??.??"]

1. e4 g6 2. d4 d6 3. Nc3 Bg7 4. f4 c6 5. Nf3 Bg4 6. Be2 Nf6 7. e5 Nfd7 8. O-O
O-O 9. Be3 Qb6 10. Rb1 h6 11. Qd2 Bf5 12. Nh4 Rd8 13. g4 dxe5 14. dxe5 Nc5 15.
Qc1 Be6 16. Na4 Nxa4 17. Bxb6 Nxb6 18. c4 Bc8 19. f5 g5 20. Nf3 c5 21. Qe3 Na6
22. b3 e6 23. Nxg5 exf5 24. gxf5 hxg5 25. Qxg5 Bxf5 26. Rxf5 Rd7 27. Rbf1 Nb4
28. Bh5 Rf8 29. e6 f6 30. Rxf6 {neznam resigns} 1-0

[Event "ICS rated blitz match"]
[Site "204.178.125.65"]
[Date "2001.08.29"]
[Round "?"]
[White "neznam"]
[Black "Hossa"]
[Result "0-1"]
[WhiteElo "2006"]
[BlackElo "2565"]
[PlyCount "100"]
[EventDate "2001.??.??"]

1. e4 c5 2. Nf3 d6 3. d4 cxd4 4. Nxd4 Nf6 5. Nc3 a6 6. Be3 g6 7. Be2 Bg7 8. O-O
O-O 9. f3 b6 10. Bc4 Bb7 11. Qd2 Nbd7 12. Bh6 Bxh6 13. Qxh6 Qc7 14. Bb3 Qc5 15.
Rad1 b5 16. Rf2 b4 17. Na4 Qh5 18. Qxh5 Nxh5 19. Ne6 Rfc8 20. Ng5 Rf8 21. c3
bxc3 22. Nxc3 Ne5 23. Nd5 Bxd5 24. Bxd5 Rab8 25. Nh3 Rfc8 26. Bb3 h6 27. Rfd2
g5 28. Kf2 Rb7 29. Ng1 Kg7 30. Ne2 Nf4 31. g3 Nxe2 32. Kxe2 g4 33. f4 Nf3 34.
Rd3 Nxh2 35. e5 dxe5 36. fxe5 Nf3 37. Bd5 Rxb2+ 38. Ke3 Nxe5 39. Rd4 e6 40. Be4
Nc4+ 41. Kf4 e5+ 42. Kxg4 exd4 43. Rxd4 Rxa2 44. Rd7 Ne5+ 45. Kf4 Nxd7 46. Bf5
Rf2+ 47. Kg4 Nf6+ 48. Kh3 Rc1 49. g4 Rc3+ 50. Kh4 Rh2# {neznam checkmated} 0-1

[Event "ICS rated blitz match"]
[Site "204.178.125.65"]
[Date "2001.08.29"]
[Round "?"]
[White "Hossa"]
[Black "neznam"]
[Result "1-0"]
[WhiteElo "2566"]
[BlackElo "2004"]
[PlyCount "89"]
[EventDate "2001.??.??"]

1. c4 Nf6 2. d4 c5 3. d5 b5 4. cxb5 a6 5. bxa6 Bxa6 6. Nc3 g6 7. e4 Bxf1 8.
Kxf1 d6 9. Nge2 Bg7 10. f3 O-O 11. Kf2 Nbd7 12. Rf1 Qb6 13. Na4 Qb4 14. Nec3 e6
15. Be3 exd5 16. a3 Qb7 17. exd5 c4 18. Rb1 Rfb8 19. Kg1 Ra5 20. Bf4 Ne5 21.
Bxe5 dxe5 22. d6 Nd7 23. Rf2 Bh6 24. f4 exf4 25. Qd4 Qa6 26. Re1 Rxa4 27. Re7
Qc6 28. Nxa4 Qxa4 29. Qd5 Rf8 30. h3 Nb6 31. Qd4 Nc8 32. Rc7 Rd8 33. Qf6 Qe8
34. Re2 Qf8 35. d7 Nd6 36. Qxd8 Qxd8 37. Rc8 Nxc8 38. Re8+ Kg7 39. Rxd8 Bg5 40.
dxc8=Q h5 41. Rg8+ Kf6 42. Qc6+ Kf5 43. Qd5+ Kf6 44. Rf8 Ke7 45. Rxf7+ {
neznam resigns} 1-0

[Event "ICS Rated blitz match"]
[Site "204.178.125.65"]
[Date "2001.08.29"]
[Round "?"]
[White "neznam"]
[Black "Hossa"]
[Result "0-1"]
[WhiteElo "2003"]
[BlackElo "2567"]
[PlyCount "68"]
[EventDate "2001.??.??"]

1. c4 e5 2. g3 Nf6 3. Bg2 Bc5 4. d3 O-O 5. Nc3 d6 6. Nf3 Bg4 7. h3 Be6 8. Ng5
Nc6 9. Nxe6 fxe6 10. O-O Qe8 11. Qb3 Rb8 12. Be3 Bxe3 13. fxe3 Qg6 14. g4 Qg5
15. Rf3 Qh4 16. Raf1 Rfd8 17. R3f2 a5 18. c5 d5 19. Nb5 Rd7 20. e4 Rbd8 21.
exd5 exd5 22. e4 Nb4 23. exd5 Nfxd5 24. Nxc7 Qe7 25. Rf7 Qxc5+ 26. Kh1 Rxf7 27.
Rxf7 Kxf7 28. Nxd5 Nxd5 29. Qxb7+ Kf8 30. h4 Nf4 31. Qf3 Qc1+ 32. Kh2 Qxb2 33.
Kg3 Rxd3 34. g5 Qxg2# {neznam checkmated} 0-1

[Event "ICS Rated standard match"]
[Site "204.178.125.65"]
[Date "2001.08.29"]
[Round "?"]
[White "Hossa"]
[Black "QueenMaxima"]
[Result "1/2-1/2"]
[WhiteElo "2359"]
[BlackElo "2168"]
[PlyCount "133"]
[EventDate "2001.??.??"]

1. d4 e5 2. dxe5 d5 3. e3 Nc6 4. Nf3 Nh6 5. Bb5 Bb4+ 6. c3 Be7 7. c4 Be6 8. Nd4
Bd7 9. Bxc6 bxc6 10. e4 Bb4+ 11. Bd2 Qe7 12. exd5 Qxe5+ 13. Qe2 Bxd2+ 14. Kxd2
Qxe2+ 15. Kxe2 cxd5 16. cxd5 Rb8 17. b3 Ng4 18. Nc3 O-O 19. h3 Rfe8+ 20. Kf3
Rb4 21. Rad1 Nf6 22. Nc2 Rb6 23. Rde1 Rc8 24. Re5 Rd8 25. Na3 c6 26. Nc4 Ra6
27. d6 Be6 28. Rd1 Nd7 29. Re3 Nf6 30. Red3 Nd5 31. R1d2 Nb4 32. Rd4 c5 33. Re4
h6 34. Kg3 Bxc4 35. Rxc4 Raxd6 36. Rxd6 Rxd6 37. Rxc5 Rd2 38. a3 Nc2 39. Rc7 a6
40. Ne4 Rd3+ 41. f3 Nxa3 42. Nc5 Rc3 43. Nxa6 Rxb3 44. h4 Rb2 45. Re7 Kf8 46.
Rd7 Nc4 47. Nc7 Ne5 48. Rd1 Ke7 49. Re1 Rc2 50. Nd5+ Ke6 51. f4 Kxd5 52. Rxe5+
Kd6 53. Kf3 Rc3+ 54. Re3 Rxe3+ 55. Kxe3 f5 56. h5 Kd5 57. Ke2 Ke4 58. g3 Kd4
59. Kf3 Kd3 60. g4 fxg4+ 61. Kg3 Ke3 62. Kxg4 Ke4 63. Kg3 Ke3 64. Kg4 Ke4 65.
Kg3 Ke3 66. Kg4 Ke4 67. Kg3 {Game drawn by repetition} 1/2-1/2

[Event "ICS rated blitz match"]
[Site "204.178.125.65"]
[Date "2001.08.29"]
[Round "?"]
[White "Hossa"]
[Black "nyul"]
[Result "1-0"]
[WhiteElo "2568"]
[BlackElo "2118"]
[PlyCount "69"]
[EventDate "2001.??.??"]

1. c4 e5 2. Nc3 c5 3. d3 Nf6 4. f4 d6 5. Nf3 Nc6 6. fxe5 dxe5 7. g3 Be7 8. Bd2
O-O 9. Bg2 Be6 10. Ng5 Bf5 11. Bxc6 bxc6 12. O-O h6 13. Rxf5 hxg5 14. Bxg5 Rb8
15. Qd2 Ng4 16. Bxe7 Qxe7 17. h3 Nh6 18. Rh5 f5 19. Rf1 Qe6 20. Na4 Qd6 21. Qg5
Rf6 22. Qe3 Rg6 23. Kh2 Rb4 24. b3 Rb8 25. Nxc5 Rd8 26. Qf2 Rf8 27. Kh1 Rff6
28. b4 Nf7 29. Rxf5 Rxf5 30. Qxf5 Nh6 31. Qc8+ Kh7 32. Kg2 Rf6 33. Ne4 Rxf1 34.
Nxd6 Ra1 35. Qxc6 {nyul resigns} 1-0

[Event "ICS rated blitz match"]
[Site "204.178.125.65"]
[Date "2001.08.29"]
[Round "?"]
[White "nyul"]
[Black "Hossa"]
[Result "0-1"]
[WhiteElo "2116"]
[BlackElo "2570"]
[PlyCount "72"]
[EventDate "2001.??.??"]

1. e4 c5 2. c4 Nc6 3. d3 d6 4. Nc3 Nf6 5. Nf3 e5 6. h3 Be7 7. Be3 O-O 8. Be2
Bd7 9. Qd2 Nd4 10. Bd1 Re8 11. O-O Rb8 12. b3 Rc8 13. Nh2 Ra8 14. f4 Qc7 15. f5
Rab8 16. a4 a6 17. g4 Bc6 18. g5 Nd7 19. Qg2 b6 20. Ng4 Bf8 21. f6 g6 22. h4 b5
23. axb5 axb5 24. h5 bxc4 25. bxc4 Qb7 26. hxg6 hxg6 27. Rf2 Qb4 28. Qh3 Qxc3
29. Nh6+ Bxh6 30. Qxh6 Ne6 31. Bg4 Qxa1+ 32. Rf1 Rb1 33. Bxe6 Rxf1+ 34. Kg2
Nxf6 35. Qxg6+ Kh8 36. gxf6 fxg6 {nyul resigns} 0-1

[Event "ICS Rated blitz match"]
[Site "204.178.125.65"]
[Date "2001.08.29"]
[Round "?"]
[White "Hossa"]
[Black "nyul"]
[Result "1-0"]
[WhiteElo "2572"]
[BlackElo "2114"]
[PlyCount "34"]
[EventDate "2001.??.??"]

1. c4 e5 2. Nc3 c5 3. Nf3 d6 4. e3 Nf6 5. d4 Bg4 6. dxe5 dxe5 7. Qxd8+ Kxd8 8.
Nxe5 Be6 9. Be2 Bd6 10. Nf3 Nc6 11. O-O a6 12. Rd1 Kc7 13. Ng5 Rhe8 14. Nd5+
Bxd5 15. cxd5 Ne5 16. f4 Ng6 17. Nxf7 Rxe3 {nyul resigns} 1-0

[Event "ICS rated blitz match"]
[Site "204.178.125.65"]
[Date "2001.08.29"]
[Round "?"]
[White "nyul"]
[Black "Hossa"]
[Result "0-1"]
[WhiteElo "2112"]
[BlackElo "2574"]
[PlyCount "29"]
[EventDate "2001.??.??"]

1. e4 c5 2. c4 g6 3. d3 Bg7 4. Nc3 d6 5. Nf3 Bg4 6. h3 Be6 7. Be3 Nf6 8. Qd2
O-O 9. Be2 Nc6 10. Bh6 Bd7 11. O-O Qc8 12. b3 Rd8 13. a4 Nb4 14. Nh2 Rf8 15. f4
{nyul resigns} 0-1

[Event "ICS rated blitz match"]
[Site "204.178.125.65"]
[Date "2001.08.29"]
[Round "?"]
[White "Hossa"]
[Black "WITTYROGER"]
[Result "1-0"]
[WhiteElo "2576"]
[BlackElo "2239"]
[PlyCount "127"]
[EventDate "2001.??.??"]

1. e4 e5 2. Nf3 d6 3. d4 Bd7 4. dxe5 dxe5 5. Nxe5 Qe7 6. Qd4 Nc6 7. Qxd7+ Qxd7
8. Nxd7 Kxd7 9. Be3 Nf6 10. f3 Rd8 11. Nd2 Kc8 12. O-O-O a6 13. Kb1 Bb4 14. c3
Be7 15. Be2 Rhe8 16. g3 h6 17. f4 Nd7 18. Bc4 f6 19. Bf7 Rf8 20. Bd5 Ndb8 21.
Nf3 g5 22. h4 gxf4 23. gxf4 Rd6 24. Rhg1 Rfd8 25. Rg6 h5 26. Rh6 f5 27. Rxd6
Rxd6 28. e5 Rd8 29. Be6+ Nd7 30. Bxf5 Ncb8 31. Bxd7+ Nxd7 32. e6 Nf6 33. Rxd8+
Kxd8 34. f5 Nd5 35. Bg5 Ke8 36. Ne5 Bf6 37. Bxf6 Nxf6 38. Kc2 Ke7 39. Ng6+ Kd6
40. Kd3 Ne8 41. Ke4 Ng7 42. Kf4 Nxe6+ 43. fxe6 Kxe6 44. Ke4 Kf6 45. Nf4 c6 46.
Nxh5+ Kg6 47. Nf4+ Kh6 48. Ke5 b6 49. Kd6 c5 50. c4 Kg7 51. Kc6 Kf6 52. Kxb6
Kf5 53. h5 Kxf4 54. h6 Ke3 55. h7 Kd3 56. Kxc5 Kc2 57. h8=Q Kd3 58. Qd4+ Ke2
59. Qf4 Kd3 60. Qf3+ Kd2 61. Kd4 Kc2 62. Qd3+ Kc1 63. Kc3 a5 64. Qc2# {
WITTYROGER checkmated} 1-0